000 00692nam a2200193 i 4500
001 184460
003 ES-MaACL
005 20230906222213.0
008 150903q19101919sp |||| | spa d
100 0 _aMeslier, Jean.
_980663
245 1 0 _aDios ante el sentido comun
_b: ó sea las ideas naturales opuestas á las sobrenaturales /
_cpor el cura Juan Meslier.
260 _aMadrid :
_b[s.n.,
_c191-?] (
_fImp. de Emilio Saco y Brey)
300 _a215 p. ;
_c18 cm.
490 1 _aBiblioteca de El Motin
650 0 4 _aCristianismo-
_vObras de controversia.
_911431
830 0 _aBiblioteca de El Motin
_9225074
852 _aES-MaACL
_jG-10071
_z.- Legado Calderón
999 _c184460
_d184460